[Event "Wiesbaden op 29th"]
[Site "Wiesbaden"]
[Date "2017.08.24"]
[Round "1"]
[White "Manuelyan, Nubar"]
[Black "Karthaus, Carsten"]
[Result "0-1"]
[WhiteElo "1562"]
[BlackElo "1925"]
[PlyCount "60"]
[EventDate "2017.08.24"]
[EventType "swiss"]
[EventRounds "7"]
[EventCountry "GER"]
[SourceTitle "CBM 180 Extra"]
[Source "ChessBase"]
[SourceDate "2017.10.06"]
[SourceVersion "1"]
[SourceVersionDate "2017.10.06"]
[SourceQuality "1"]

1. c4 d5 2. cxd5 Qxd5 3. Nc3 Qa5 4. Nf3 Nf6 5. g3 e5 6. Bg2 c6 7. 0-0 Bf5 8. d4 Nbd7 9. dxe5 Nxe5 10. Nxe5 Qxe5 11. Bf4 Qe6 12. Qa4 Bc5 13. b4 Bb6 14. b5 0-0 15. bxc6 bxc6 16. Rac1 Rac8 17. Rfd1 Nd5 18. Nxd5 cxd5 19. e3 Be4 20. Bxe4 dxe4 21. Rxc8 Rxc8 22. Qd7 Qxd7 23. Rxd7 f6 24. a3 Rc3 25. Re7 Rxa3 26. Rxe4 Kf7 27. Bd6 Rd3 28. Re7+ Kg6 29. Bb4 a5 30. Be1 Rd1 0-1

[Event "GER-chT Betriebe 15th"]
[Site "Munich"]
[Date "2015.10.23"]
[Round "6.1"]
[White "Karthaus, Carsten"]
[Black "Hein, Ralf"]
[Result "1/2-1/2"]
[WhiteElo "1925"]
[BlackElo "2040"]
[PlyCount "119"]
[EventDate "2015.10.22"]
[EventType "team-swiss"]
[EventRounds "7"]
[EventCountry "GER"]
[SourceTitle "EXT 2020"]
[Source "ChessBase"]
[SourceDate "2019.10.17"]
[SourceVersion "1"]
[SourceVersionDate "2019.10.17"]
[SourceQuality "1"]
[WhiteTeam "Stuttgart Stern"]
[BlackTeam "Hamburg Baubehoerde"]
[WhiteTeamCountry "GER"]
[BlackTeamCountry "GER"]

1. e4 c5 2. Nf3 Nc6 3. d4 cxd4 4. Nxd4 Nf6 5. Nc3 d6 6. Be2 g6 7. 0-0 Bg7 8. Be3 0-0 9. f4 Bd7 10. Kh1 Nxd4 11. Bxd4 Bc6 12. Bf3 Qa5 13. a3 e5 14. Be3 Rad8 15. b4 Qc7 16. Rb1 b6 17. Qd3 Rd7 18. Rfc1 Rc8 19. Rb3 d5 20. Nxd5 Bxd5 21. exd5 exf4 22. Bf2 Qc4 23. Qxc4 Rxc4 24. Rd3 h5 25. Bd4 Ng4 26. Bxg4 hxg4 27. Bxg7 Kxg7 28. c3 Kf6 29. Kg1 Ke5 30. Rcd1 Kd6 31. Kf2 Rdc7 32. Rc1 Re7 33. Rc2 Re5 34. Rcd2 Rh5 35. h3 gxh3 36. gxh3 g5 37. Rd1 Rh6 38. Re1 f5 39. Re8 g4 40. hxg4 fxg4 41. Rg8 g3+ 42. Kf3 Rf6 43. Rd8+ Ke7 44. Ra8 Rc7 45. Rg8 b5 46. Rg7+ Kd6 47. Rg8 Rh7 48. a4 a6 49. axb5 axb5 50. Rb8 Rg7 51. Rd1 g2 52. Rg1 Rg3+ 53. Kf2 Rxc3 54. Rxg2 f3 55. Rb6+ Kc7 56. Rxf6 fxg2 57. Kxg2 Rc4 58. Kf3 Rxb4 59. Ke3 Rh4 60. Kd3 1/2-1/2

[Event "Wiesbaden op 26th"]
[Site "Wiesbaden"]
[Date "2014.08.31"]
[Round "6"]
[White "Stuhlmann, Florian"]
[Black "Karthaus, Carsten"]
[Result "1/2-1/2"]
[WhiteElo "1654"]
[BlackElo "1970"]
[PlyCount "81"]
[EventDate "2014.08.28"]
[EventType "swiss"]
[EventRounds "7"]
[EventCountry "GER"]
[SourceTitle "CBM 162 Extra"]
[Source "ChessBase"]
[SourceDate "2014.10.17"]
[SourceVersion "1"]
[SourceVersionDate "2014.10.17"]
[SourceQuality "1"]

1. d4 d5 2. c4 c6 3. cxd5 cxd5 4. Nc3 Nf6 5. Nf3 e6 6. Bf4 Bd6 7. Bxd6 Qxd6 8. e3 0-0 9. Bd3 Nc6 10. a3 Re8 11. 0-0 e5 12. Bb5 e4 13. Bxc6 bxc6 14. Ne5 Nd7 15. Nxd7 Bxd7 16. b4 Re6 17. f3 exf3 18. Qxf3 Qe7 19. Rae1 Re8 20. Kh1 Rf6 21. Qe2 Qxe3 22. Rxf6 Qxe2 23. Rxe2 Rxe2 24. Nxe2 gxf6 25. Kg1 Kg7 26. Kf2 Kg6 27. Kf3 Kg5 28. h3 h5 29. h4+ Kf5 30. Ng3+ Kg6 31. Kf4 Bg4 32. Nf1 Bd7 33. Nd2 Kg7 34. Nb3 Kf8 35. Nc5 Bc8 36. Nb3 Ke7 37. Nc5 Kd6 38. g3 Kc7 39. a4 Kb6 40. Nb3 Bg4 41. Ke3 1/2-1/2

[Event "Wiesbaden op 23rd"]
[Site "Wiesbaden"]
[Date "2011.08.26"]
[Round "3"]
[White "Mayer, Frank1111"]
[Black "Karthaus, Carsten"]
[Result "1/2-1/2"]
[WhiteElo "2204"]
[BlackElo "1927"]
[PlyCount "49"]
[EventDate "2011.08.25"]
[EventType "swiss"]
[EventRounds "7"]
[EventCountry "GER"]
[SourceTitle "CBM 144 Extra"]
[Source "ChessBase"]
[SourceDate "2011.10.28"]
[SourceVersion "1"]
[SourceVersionDate "2011.10.28"]
[SourceQuality "1"]

1. e4 d5 2. exd5 Qxd5 3. Nc3 Qa5 4. d4 c6 5. Nf3 Nf6 6. Bc4 Bg4 7. Bd2 e6 8. h3 Bh5 9. Qe2 Be7 10. Nd5 Qd8 11. Nxe7 Qxe7 12. 0-0-0 Nbd7 13. g4 Bg6 14. Ne5 Nb6 15. Bb3 Nfd7 16. a3 Nxe5 17. dxe5 0-0-0 18. Qe3 c5 19. Ba5 Rxd1+ 20. Rxd1 Rd8 21. Rxd8+ Kxd8 22. Bc4 Kc8 23. Bxb6 axb6 24. Be2 Qd7 25. b3 1/2-1/2

[Event "Wuerttemberg-ch U18"]
[Site "Stuttgart"]
[Date "2003.04.24"]
[Round "4"]
[White "Karthaus, Carsten"]
[Black "Geiger, Jonathan"]
[Result "1/2-1/2"]
[WhiteElo "1723"]
[BlackElo "1674"]
[PlyCount "44"]
[EventDate "2003.04.??"]
[EventType "swiss"]
[EventRounds "7"]
[EventCountry "GER"]
[SourceTitle "EXT 2005"]
[Source "ChessBase"]
[SourceDate "2004.11.15"]
[SourceVersion "1"]
[SourceVersionDate "2004.11.15"]
[SourceQuality "1"]

1. e4 c5 2. Nf3 e6 3. d4 cxd4 4. Nxd4 Nc6 5. Be3 Nf6 6. Nd2 d5 7. Bb5 Qc7 8. Bg5 Nd7 9. Bxc6 bxc6 10. exd5 cxd5 11. Qe2 Qe5 12. Qxe5 Nxe5 13. Nb5 Kd7 14. Bf4 Ba6 15. a4 Bxb5 16. axb5 Bd6 17. Be3 Ng4 18. Rxa7+ Rxa7 19. Bxa7 Ra8 20. b6 Bb8 21. Ke2 Bxa7 22. bxa7 Rxa7 1/2-1/2

[Event "Wuerttemberg-ch U18"]
[Site "Lindau"]
[Date "2002.04.04"]
[Round "5"]
[White "Karthaus, Carsten"]
[Black "Britsch, Benjamin"]
[Result "1/2-1/2"]
[WhiteElo "1623"]
[BlackElo "1593"]
[PlyCount "81"]
[EventDate "2002.04.??"]
[EventType "swiss"]
[EventRounds "7"]
[EventCountry "GER"]
[SourceTitle "EXT 2003"]
[Source "ChessBase"]
[SourceDate "2002.11.25"]
[SourceVersion "1"]
[SourceVersionDate "2002.11.25"]
[SourceQuality "1"]

1. e4 d6 2. Nc3 Nf6 3. Bc4 g6 4. d3 Bg7 5. Bd2 0-0 6. h3 c5 7. Nge2 a6 8. a3 b5 9. Ba2 Bd7 10. Ng3 Nc6 11. Nce2 Qc7 12. Rb1 a5 13. 0-0 Na7 14. c3 Nc6 15. Rc1 Rfb8 16. Bb1 b4 17. axb4 axb4 18. cxb4 Nxb4 19. Bc3 Na2 20. Bxa2 Rxa2 21. Rb1 Ne8 22. f4 Qb6 23. Kh1 Qb7 24. Nc1 Ra6 25. Bxg7 Nxg7 26. b3 Rb6 27. Rf2 Ne6 28. f5 Nd4 29. fxg6 hxg6 30. Rfb2 Be6 31. Nf1 c4 32. dxc4 Qxe4 33. Nd2 Qb7 34. Qg1 Nf5 35. Qf2 Nh6 36. Kg1 Ra8 37. Ra2 Rc8 38. Rab2 Ra6 39. Ra2 Rxa2 40. Nxa2 Nf5 41. Nc1 1/2-1/2